书目信息 |
| 题名: |
税费改革法律法规
|
|
| 作者: | 李勇 主编 | |
| 分册: | 1 | |
| 出版信息: | 汕头 汕头大学出版社 2017 |
|
| 页数: | 138页 | |
| 开本: | 22cm | |
| 丛书名: | ||
| 单 册: | ||
| 中图分类: | D922.220.9 , D922.22 | |
| 科图分类: | ||
| 主题词: | 税费--税收改革--法规--中国--汇编 | |
| 电子资源: | ||
| ISBN: | 978-7-5658-3203-1 | |
| 000 | 00774nam0 2200253 450 | |
| 001 | 2370617929 | |
| 005 | 20231128210846.16 | |
| 010 | @a978-7-5658-3203-1@dCNY29.80 | |
| 100 | @a20181129d2017 em y0chiy50 ea | |
| 101 | 0 | @achi |
| 102 | @aCN@b440000 | |
| 105 | @ay n 000yy | |
| 200 | 1 | @a税费改革法律法规@Ashui fei gai ge fa lv fa gui@h1@f李勇主编 |
| 210 | @a汕头@c汕头大学出版社@d2017 | |
| 215 | @a138页@d22cm | |
| 300 | @a全国“七五”普法学习读本 | |
| 300 | @a金融税费法律法规学习读本 | |
| 300 | @a本书收录《国家税费改革和税务规划》《地方税费改革有关政策》。 | |
| 606 | 0 | @a税费@x税收改革@x法规@y中国@j汇编 |
| 690 | @aD922.220.9@v5 | |
| 690 | @aD922.22@v4 | |
| 701 | 0 | @a李勇@Ali yong@4主编 |
| 801 | 0 | @aCN@b91MARC@c20181129 |
| 905 | @aZUCC@dD922.22@e20:1 | |
| 税费改革法律法规.1/李勇主编.-汕头:汕头大学出版社,2017 |
| 138页;22cm |
| 全国“七五”普法学习读本.-金融税费法律法规学习读本.-本书收录《国家税费改革和税务规划》《地方税费改革有关政策》。 |
| ISBN 978-7-5658-3203-1:CNY29.80 |
| ● |
| 相关链接 |
|
|
|
正题名:税费改革法律法规
索取号:D922.22/20:1
 
预约/预借
| 序号 | 登录号 | 条形码 | 馆藏地/架位号 | 状态 | 备注 |
| 1 | 2001014065 | 2001014065 | 辽宁一、悦读混合/辽宁北配(第三批)/辽批140/ [索取号:D922.22/20:1] | 在馆 | |
| 2 | 2001014066 | 2001014066 | 辽宁一、悦读混合/辽宁北配(第三批)/辽批140/ [索取号:D922.22/20:1] | 在馆 | |
| 3 | 2001014067 | 2001014067 | 辽宁一、悦读混合/辽宁北配(第三批)/辽批140/ [索取号:D922.22/20:1] | 在馆 | |
| 4 | 2001014068 | 2001014068 | 辽宁一、悦读混合/辽宁北配(第三批)/辽批140/ [索取号:D922.22/20:1] | 在馆 | |
| 5 | 2001014069 | 2001014069 | 辽宁一、悦读混合/辽宁北配(第三批)/辽批140/ [索取号:D922.22/20:1] | 在馆 | |
| 6 | 2001014070 | 2001014070 | 辽宁一、悦读混合/辽宁北配(第三批)/辽批140/ [索取号:D922.22/20:1] | 在馆 |